| 000 | 00000nam 2200000za 4500 |
| 001 | 9.852874 |
| 003 | CaOODSP |
| 005 | 20221107154705 |
| 007 | cr ||||||||||| |
| 008 | 180305s1974 onc #o f000 0 eng d |
| 040 | |aCaOODSP|beng |
| 043 | |an-cn--- |
| 086 | 1 |aR32-454/1974E-PDF |
| 245 | 04|aThe philosophy of the French, British, Spanish and Russians in making of Indian treaties |h[electronic resource]. |
| 260 | |a[Ottawa?] : |bClaims and Historical Research Centre, |c[1974?] |
| 300 | |a4 p. |
| 500 | |aTitle from cover. |
| 500 | |aDigitized edition from print [produced by Indigenous and Northern Affairs Canada]. |
| 520 | |aPoint form notes about the different philosophies of the French, British, Spanish and Russians in regards to the making of Indian treaties. |
| 692 | 07|2gccst|aIndians |
| 692 | 07|2gccst|aAgreements |
| 692 | 07|2gccst|aPhilosophy |
| 710 | 2 |aTreaties and Historical Research Centre (Canada) |
| 710 | 1 |aCanada. |bIndian and Northern Affairs Canada. |
| 856 | 40|qPDF|s440 KB|uhttps://publications.gc.ca/collections/collection_2018/aanc-inac/R32-454-1974-eng.pdf |